[Event "VIE-ch U11"]
[Site "Ho Chi Minh City"]
[Date "2014.07.17"]
[Round "8"]
[White "Nguyen, Tung Lam"]
[Black "Duong, Nhat Trung"]
[Result "0-1"]
[WhiteElo "1958"]
[BlackElo "1916"]
[PlyCount "60"]
[EventDate "2014.07.13"]
[EventType "swiss"]
[EventRounds "9"]
[EventCountry "VIE"]
[SourceTitle "EXT 2016"]
[Source "ChessBase"]
[SourceDate "2015.10.08"]
[SourceVersion "1"]
[SourceVersionDate "2015.10.08"]
[SourceQuality "1"]

1. d4 d5 2. c4 dxc4 3. e3 g6 4. Bxc4 e6 5. d5 exd5 6. Bxd5 Ne7 7. Bxf7+ Kxf7 8. Qxd8 c6 9. Nf3 Nf5 10. Qxc8 Bb4+ 11. Bd2 Bxd2+ 12. Nbxd2 Rxc8 13. Ng5+ Kg8 14. Nde4 Rf8 15. Nc5 b6 16. Nge6 bxc5 17. Nc7 Nd7 18. Rd1 Ne5 19. Ne6 Rf7 20. Nxc5 Nh4 21. 0-0 Rb8 22. Ne6 Re7 23. Nd4 Rxb2 24. f4 Rxg2+ 25. Kh1 Ng4 26. Nxc6 Rxh2+ 27. Kg1 Rg2+ 28. Kh1 Rxe3 29. Rd8+ Kg7 30. Re8 Rh3# 0-1

[Event "VIE-ch U11"]
[Site "Ho Chi Minh City"]
[Date "2014.07.16"]
[Round "6"]
[White "Truong, Le Quang Huy"]
[Black "Duong, Nhat Trung"]
[Result "1-0"]
[WhiteElo "1972"]
[BlackElo "1916"]
[PlyCount "118"]
[EventDate "2014.07.13"]
[EventType "swiss"]
[EventRounds "9"]
[EventCountry "VIE"]
[SourceTitle "EXT 2016"]
[Source "ChessBase"]
[SourceDate "2015.10.08"]
[SourceVersion "1"]
[SourceVersionDate "2015.10.08"]
[SourceQuality "1"]

1. d4 d5 2. c4 dxc4 3. e3 e6 4. Bxc4 c5 5. Nf3 b6 6. 0-0 Be7 7. dxc5 Qxd1 8. Rxd1 Bxc5 9. Bb5+ Nd7 10. Bc6 Rb8 11. Ne5 Ngf6 12. Nc3 Ke7 13. Nxd7 Bxd7 14. Bf3 Rhd8 15. b3 Kf8 16. Bb2 Be7 17. Rd3 Rbc8 18. Rad1 Kg8 19. Ne4 Nxe4 20. Bxe4 Bb5 21. Rxd8+ Bxd8 22. g3 Be7 23. Kg2 Rc7 24. Be5 Rc8 25. Bb7 Rc2 26. a4 Be2 27. Rd7 Bf8 28. Be4 Rc8 29. Rxa7 f6 30. Rc7 Rd8 31. Bd4 Rb8 32. Rb7 Rxb7 33. Bxb7 Bc5 34. Bxc5 bxc5 35. a5 c4 36. bxc4 Bxc4 37. a6 Bxa6 38. Bxa6 e5 39. Bc4+ Kf8 40. Kf3 g6 41. Ke4 Ke7 42. f4 exf4 43. Kxf4 Kd6 44. e4 Ke7 45. h4 h6 46. e5 f5 47. g4 fxg4 48. Kxg4 Kf8 49. h5 gxh5+ 50. Kf5 Ke7 51. Kg6 h4 52. Kxh6 h3 53. Bd5 Kf8 54. Kg6 Ke7 55. e6 Kd8 56. Kf7 Kc8 57. e7 Kb8 58. e8Q+ Kc7 59. Qc6+ Kd8 1-0